000 00219 a2200097 4500
001 44258
100 _aRap
245 _aExperimental Radio Engineering
260 _aLondon
_bPitman & Sons Ltd
_c
090 _c28002
_d28002
942 _aNUST-CAE
_cM
_c20006
999 _c279331
_d279331